Songs from 'The Sound of Music' - Statistics

General Stats
  • This quiz has been taken 4,819 times
    4,631 since last reset
  • The average score is 8 of 11
Answer Stats
Lyrics Answer % Correct
"The hills are alive...." The Sound of Music
97%
"Raindrops on roses and whiskers on kittens" My Favorite Things
94%
"How do you solve a problem like ...." Maria
88%
"Doe, a deer, a female deer" Do-Re-Mi
80%
"Ford every stream" Climb ev'ry mountain
70%
"Bless my homeland forever" Edelweiss
68%
"Baby, it's time to think" Sixteen Going on Seventeen
65%
"The sun has gone to bed and so must I" So Long, Farewell
64%
"Lay ee odl lay ee odl lay hee hoo" Lonely Goatherd
53%
"So somewhere in my youth or childhood" Something Good
49%
"I am seeking the courage I lack" I Have Confidence
41%
No matching quizzes found
Score Distribution
Percent of People with Each Score
Percentile by Number Answered
Your Score History
You have not taken this quiz since the last reset